| 000 | 005890000a22001930004500 | ||
|---|---|---|---|
| 090 |
_aAR _b01796 |
||
| 245 | 1 | 0 | _aHormigas de Colombia IV: nuevos registros de géneros y especies |
| 500 | _aCID tiene revista original | ||
| 650 | 1 | 4 |
_aTaxonomía animal _98245 |
| 650 | 1 | 4 |
_asistemática animal _992968 |
| 650 | 1 | 4 |
_aEntomología _94483 |
| 650 | 1 | 4 |
_aHormigas _992499 |
| 651 | 4 |
_pColombia _992749 |
|
| 041 | 0 | _aEspañol | |
| 700 | 1 |
_aPalacio, Edgard E. _992992 |
|
| 100 | 1 |
_aFernández Castiblanco, Fernando _94332 |
|
| 942 | _cARTICULO | ||
| 773 | 1 |
_tCaldasia _345 _h82-85 _q587-596 _d1995 _g17 |
|
| 999 |
_c10873 _d10873 |
||